000
00334nam a2200133Ia 4500
008
240624s9999 xx 000 0 und d
041
_a
eng
082
_a
300.72 AUR
100
_a
AURINI JANICE D
245
_a
HOW TO OF QUALITATIVE RESEARCH
260
_c
2016
_a
New Delhi
_b
Sage
300
_a
xiii, 238 p.; 23 cm.
365
_c
BPS
_b
32
999
_c
30020
_d
30020